| 000 | 00785nas a2200265 4500 | ||
|---|---|---|---|
| 001 | BR2016004498 | ||
| 003 | BR-BrBNA | ||
| 005 | 20231205130703.0 | ||
| 007 | ta | ||
| 008 | 230509b bl.|||p| |||| 00| 00por d | ||
| 040 |
_aBR-BrBNA _bpor _cBiblioteca Nacional de Agricultura |
||
| 041 | _a(Pt) | ||
| 072 | _aL73 | ||
| 100 | 1 | _aAndrade, C.T. de | |
| 100 | 1 | _aPita, M.C.G. | |
| 100 | 1 | _aParra, A.C. | |
| 100 | 1 | _aVasconcelos, T. | |
| 245 | 1 | _aMorte súbita por aterosclerose aórtica em papagaio-verdadeiro (Amazona aestiva) | |
| 650 | _aPAPAGAIO | ||
| 650 | _aDOENÇA ANIMAL | ||
| 650 | _aNEFROSE | ||
| 773 | 0 |
_tRevista CFMV (Brazil) _xISSN 1517-6959 _g(Jul-Sep 2016), v. 22(70) p. 75-78 _wBR2016004498 |
|
| 909 |
_a202311 _bLúcia _c55 _dLúcia Elande |
||
| 942 |
_2AGRIS _n0 _cANA |
||
| 999 |
_c250700 _d250700 |
||